Statistics for Top 20 Countries by HDI (Inequality Adjusted)

Click here to take the quiz!

General Stats

  • This quiz has been taken 319 times
  • The average score is 18 of 20

Answer Stats

IHDICountry% Correct
0.894Norway
97%
0.821United States
97%
0.859Sweden
96%
0.832Canada
95%
0.839Finland
94%
0.856Germany
94%
0.802United Kingdom
94%
0.864Australia
92%
0.845Denmark
92%
0.857Netherlands
92%
0.825Belgium
91%
0.837Austria
90%
0.812France
90%
0.849Switzerland
90%
0.848Iceland
89%
0.796Spain
89%
0.850Ireland
87%
0.813Luxembourg
83%
0.840Slovenia
56%
0.826Czech Republic
55%

Score Distribution

Percentile by Number Answered

Percent of People with Each Score

Your Score History

You have not taken this quiz